Music Quiz

Random Music Quiz

What Rappers Made these Albums? Quiz Stats

 Plays Quiz not verified by Sporcle

Challenge
Share
Tweet
Embed
Score 0/30 Timer 03:00
0 Plays Today
Hint Answer % Correct
Illmatic Nas
93.8%
The College DropoutKanye West
93.8%
Ready to DieThe Notorious B.I.G.
93.8%
DoggystyleSnoop Dogg
90.6%
The ChronicDr. Dre
90.6%
Get Rich or Die Tryin50 Cent
87.5%
Eazy-Duz-It Eazy E
85.9%
Southernplayalisticadillacmuzik Outkast
84.4%
Recovery Eminem
84.4%
Me Against the WorldTupac
82.8%
Reasonable DoubtJay Z
79.7%
Death CertificateIce Cube
76.6%
It Takes a Nation of Millions to Hold Us BackPublic Enemy
67.2%
King of Rock Run D.M.C.
59.4%
TicalMethod Man
56.3%
Hint Answer % Correct
The Infamous Mobb Deep
54.7%
Only Built 4 Cuban LinxRaekwon
53.1%
The WWu Tang
48.4%
Capital PunishmentBig Pun
46.9%
Chicken-n-BeerLudacris
42.2%
KingT.I
42.2%
Rolling PapersWiz Khalifa
42.2%
Black SundayCypress Hill
39.1%
Muddy WatersRedman
37.5%
Bigger and DefferLL Cool J
31.3%
We Can't Be Stopped Geto Boys
29.7%
Creepin on ah Come UpBone
21.9%
Get in Where You Fit In Too Short
15.6%
In a Major Way E-40
10.9%
We Come StrappedMC Eiht
7.8%

You're not logged in!

Compare scores with friends on all Sporcle quizzes.
Join for Free
OR
Log In

You Might Also Like...

Show Comments

Extras

Top Quizzes Today


Score Distribution

Your Account Isn't Verified!

In order to create a playlist on Sporcle, you need to verify the email address you used during registration. Go to your Sporcle Settings to finish the process.

Report this User

Report this user for behavior that violates our Community Guidelines.

Details: